000 00337 a2200157 4500
001 68273
020 _a9788466808651
040 _cAnchieta - Pituba
100 _aBloese, Jacquie
240 1 0 _aBilly Elliot
_leng
245 1 0 _aBilly Elliot
300 _a40
362 0 _a2005
650 4 _aLiteratura juvenil em inglês
942 _cBK
999 _c68273
_d68273